| 000 | 00472nam a2200157 a 4500 | ||
|---|---|---|---|
| 001 | 000032611 | ||
| 005 | 20200930065732.0 | ||
| 008 | 110719s1999 dr 000 0 spa d | ||
| 040 |
_aDO-SdBNP _bspa _cBNPHU |
||
| 082 |
_axxxx _bM375t |
||
| 100 | 1 |
_aMarte Pérez, Delio Anibal _956117 |
|
| 245 | 1 | 0 |
_aTraición a distancia. / _cDelio Anibal Marte Pérez. |
| 260 |
_aPuerto Plata, República Dominicana : _bJavier Clark, _c1999. |
||
| 300 |
_a32 p. ; _c22 cm. |
||
| 049 | _aBNPD | ||
| 999 |
_c32102 _d32102 |
||